Phân tích kinh tế doanh nghiệp : Lý thuyết và thực hành

Đã lưu trong:
Sonraí Bibleagrafaíochta
Príomhúdar: Nguyễn, Năng Phúc
Formáid: Leabhar
Teanga:Undetermined
Foilsithe: Hà Nội Tài Chính 2003
Ábhair:
Clibeanna: Cuir Clib Leis
Gan Chlibeanna, Bí ar an gcéad duine leis an taifead seo a chlibeáil!
Thư viện lưu trữ: Trung tâm Học liệu Trường Đại học Cần Thơ
LEADER 00598nam a2200205Ia 4500
001 CTU_60376
008 210402s9999 xx 000 0 und d
020 |b 58000 
082 |a 330.0151 
082 |b Ph506 
100 |a Nguyễn, Năng Phúc 
245 0 |a Phân tích kinh tế doanh nghiệp : 
245 0 |b Lý thuyết và thực hành 
245 0 |c Nguyễn Năng Phúc 
260 |a Hà Nội 
260 |b Tài Chính 
260 |c 2003 
650 |a Economics, mathematical 
904 |i Minh, Năm 
980 |a Trung tâm Học liệu Trường Đại học Cần Thơ